Online Public Access Catalogue

General Surgical Operations (Record no. 3981)

MARC details
000 -LEADER
fixed length control field 00411nam a2200157Ia 4500
020 ## - INTERNATIONAL STANDARD BOOK NUMBER
International Standard Book Number 0443063966
082 ## - DEWEY DECIMAL CLASSIFICATION NUMBER
Classification number 617.9
Author Mark KIR
100 ## - MAIN ENTRY--PERSONAL NAME
Author Name Kirk, R.M.
245 #0 - TITLE STATEMENT
Title General Surgical Operations
250 ## - EDITION STATEMENT
Edition statement 4th
260 ## - PUBLICATION, DISTRIBUTION, ETC.
Place of publication, distribution, etc. London
Name of publisher, distributor, etc. Churchill Livingstone.
Date of publication, distribution, etc. 2000
300 ## - PHYSICAL DESCRIPTION
No of Pages 903p
illustrations ;ill,
Dimensions :28.5cm
504 ## - BIBLIOGRAPHY, ETC. NOTE
Bibliography, Index, etc. note include,index etc
650 ## - SUBJECT ADDED ENTRY--TOPICAL TERM
Subject surgery
Keywords stomach
-- oesophagus
-- thyroid
-- IMDC
942 ## - ADDED ENTRY ELEMENTS (KOHA)
Koha item type Books
Source of classification or shelving scheme
Holdings
Item status Home library Current library Shelving location Date acquired Total Checkouts Full call number Barcode Date last seen Koha item type
  Islamabad Medical and Dental College Islamabad Medical and Dental College Islamabad Medical and Dental College 15/09/2020   617.9 KIR 5407 16/03/2018 Books

Copyright @ IMDC Library
Islamabad Medical and Dental College
Bhara Kahu, Islamabad

  Contact the Librarian, IMDC
  Email:: library@imdcollege.edu.pk

  OPAC Customized by
  Mazhar Hussain,
  Librarian:
  Islamabad Medical and Dental College
  Email:: library@imdcollege.edu.pk